Statistics for Overwatch Ultimate Abilities

Click here to take the quiz!

General Stats

  • This quiz has been taken 800 times
  • The average score is 11 of 15

Answer Stats

HintAnswer% Correct
JunkratRIP-Tire
88%
ReaperDeath Blossom
84%
McCreeDeadeye
82%
TorbjornMolten Core
80%
TracerPulse Bomb
80%
RoadhogWhole Hog
76%
ReinhardtEarthshatter
75%
HanzoDragonstrike
74%
Soldier: 76Tactical Visor
74%
LucioSound Barrier
73%
SymmetraTeleporter
69%
BastionConfiguration Tank
64%
WidowmakerInfra-Sight
61%
PharahBarrage
59%
MercyResurrect
53%

Score Distribution

Percentile by Number Answered

Percent of People with Each Score

Your Score History

You have not taken this quiz